| Tag |
First Indicator |
Second Indicator |
Subfields |
| LEADER |
00000cam a2200000 a 4500 |
| 001 |
in00001436613 |
| 005 |
20151020102754.0 |
| 008 |
971107s1998 enka b 001 0 eng |
| 010 |
|
|
|a 97043823
|
| 020 |
|
|
|a 0198556861 (pbk)
|
| 035 |
|
|
|a (OCoLC)37976557
|
| 035 |
|
|
|9 AHS9753AM
|
| 040 |
|
|
|a DLC
|c DLC
|d C#P
|d TXA
|d UtOrBLW
|
| 049 |
|
|
|a TXAM
|
| 050 |
0 |
0 |
|a QD506
|b .A88 1998
|
| 082 |
0 |
0 |
|a 541.3/3
|2 21
|
| 100 |
1 |
|
|a Attard, Gary.
|
| 245 |
1 |
0 |
|a Surfaces /
|c Gary Attard, Colin Barnes.
|
| 264 |
|
1 |
|a Oxford ;
|a New York :
|b Oxford University Press,
|c 1998.
|
| 300 |
|
|
|a 92 pages :
|b illustrations ;
|c 25 cm.
|
| 336 |
|
|
|a text
|b txt
|2 rdacontent
|
| 337 |
|
|
|a unmediated
|b n
|2 rdamedia
|
| 338 |
|
|
|a volume
|b nc
|2 rdacarrier
|
| 490 |
1 |
|
|a Oxford science publications
|
| 490 |
1 |
|
|a Oxford chemistry primers ;
|v 59
|
| 504 |
|
|
|a Includes bibliographical references and index.
|
| 650 |
|
0 |
|a Surface chemistry.
|
| 650 |
|
0 |
|a Surfaces (Physics)
|
| 650 |
|
0 |
|a Surfaces (Technology)
|
| 700 |
1 |
|
|a Barnes, Colin.
|
| 830 |
|
0 |
|a Oxford science publications.
|
| 830 |
|
0 |
|a Oxford chemistry primers ;
|v 59.
|
| 948 |
|
|
|a c:jh
|
| 999 |
|
|
|a MARS
|
| 999 |
f |
f |
|s 9ccb3969-37be-39e0-aaf3-e5e3dd79ab3e
|i bbf1d1eb-b9b6-33d9-ac64-d17284fe482c
|t 0
|
| 952 |
f |
f |
|p ric
|a Texas A&M University
|b Rellis Campus
|c Joint Library Facility
|s JLF
|d Remote Storage
|t 0
|e QD506 .A88 1998
|h Library of Congress classification
|i unmediated -- volume
|m A14823551190
|
| 998 |
f |
f |
|a QD506 .A88 1998
|t 0
|l Remote Storage
|